| 000 | 01389pam a2200397 a 4500 | ||
|---|---|---|---|
| 999 |
_c1793 _d1793 |
||
| 001 | 015171073 | ||
| 003 | Uk | ||
| 005 | 20230127154259.0 | ||
| 008 | 090420s2009 enka j b 000 1 eng|d | ||
| 015 |
_aGBA943027 _2bnb |
||
| 016 | 7 |
_a015171073 _2Uk |
|
| 020 | _a9781906230197 (pbk.) : | ||
| 040 |
_aStDuBDS _beng _cStDuBDS _dUk _dKH8 |
||
| 042 | _aukblcatcopy | ||
| 082 | 0 | 4 |
_a813.54 KIR _222 |
| 100 | 1 |
_aKirwan, Anna. _eauthor |
|
| 245 | 1 | 0 |
_aHuckleberry Finn / _cMark Twain ; retold by Anna Kirwan ; illustrated by Judith Hunt. |
| 260 |
_aStroud : _bReal Reads, _c2009. |
||
| 300 |
_a64 p. : _bcol. ill. ; _c20 cm. |
||
| 336 |
_atext _2rdacontent |
||
| 337 |
_aunmediated _2rdamedia |
||
| 338 |
_avolume _2rdacarrier |
||
| 500 |
_aFormerly CIP. _5Uk |
||
| 504 | _aIncludes bibliographical references. | ||
| 650 | 0 |
_aFinn, Huckleberry (Fictitious character) _vJuvenile fiction. |
|
| 650 | 0 |
_aRunaway children _vJuvenile fiction. |
|
| 650 | 0 |
_aMale friendship _vJuvenile fiction. |
|
| 650 | 0 |
_aFugitive slaves _vJuvenile fiction. |
|
| 651 | 0 |
_aMississippi River _vJuvenile fiction. |
|
| 651 | 0 |
_aMissouri _xSocial life and customs _y19th century _vJuvenile fiction. |
|
| 655 | 0 | _aAdventure stories. | |
| 655 | 0 | _aChildren's stories. | |
| 700 | 1 |
_aHunt, Judith A., _d1955- _eillustrator |
|
| 700 | 1 |
_aTwain, Mark, _d1835-1910. _tAdventures of Huckleberry Finn. |
|
| 942 |
_2ddc _cNFIC |
||